Guinea City Quiz - Statistics

General Stats
  • This quiz has been taken 14 times
  • The average score is 3 of 5
Answer Stats
City % Correct
Conakry
100%
Kankan
67%
Nzerekore
56%
Dubreka
33%
Maneah
11%
No matching quizzes found
Score Distribution
Percent of People with Each Score
Percentile by Number Answered
Your Score History
You have not taken this quiz